00543nam a2200193 a 4500001001300000003000900013005001700022008004100039020002300080082001500103100002900118245005000147260003900197300000900236500003500245505001800280650002200298700002900320nice12345678IN_TiNIC20260116014511.0090112s2008 newa grp 000 0 eng  a8180280306 c65000a808.4bCHO aChoudhury, Sheila Lahiri aAn Alternative Gazeb Essays on D.H. Lawrence aNew Delhi bChronicle Books c2008 a205p aincludes index and biblioraphy2 abiblio, index aEssays-Collection1 aChoudhury, Sheila Lahiri